000 00412nam a22001697a 4500
005 20240918105644.0
008 190606b xxu||||| |||| 00| 0 eng d
020 _a978-81-85790-59-6
041 _aeng
082 _a615
100 _aPOTDAR, PROF. MANOHAR A.
245 _aPHARMACEUTICAL QUALITY ASSURANCE
250 _a6th, Ed. 2017
260 _aPUNE
_bNIRALI PRAKASHAN
300 _aI.6p,
942 _cBK
999 _c5950
_d5948